[Event "Ukhta Spring"]
[Site "Ukhta"]
[Date "2010.04.12"]
[Round "7"]
[White "Kadyrov, Farit"]
[Black "Patsuk, Elena"]
[Result "0-1"]
[WhiteElo "1774"]
[BlackElo "1977"]
[PlyCount "82"]
[EventDate "2010.04.17"]
[EventType "tourn"]
[EventRounds "11"]
[EventCountry "RUS"]
[SourceTitle "EXT 2013"]
[Source "ChessBase"]
[SourceDate "2012.11.22"]
[SourceVersion "1"]
[SourceVersionDate "2012.11.22"]
[SourceQuality "1"]

1. d4 d5 2. c4 e5 3. dxe5 d4 4. g3 Nc6 5. Nf3 Bf5 6. a3 Nge7 7. Bg2 Ng6 8. 0-0 d3 9. Be3 dxe2 10. Qxe2 Bd3 11. Qd2 Bxf1 12. Kxf1 Qxd2 13. Nbxd2 0-0-0 14. Ng5 Ngxe5 15. Bxc6 bxc6 16. h3 h6 17. Ngf3 Nxf3 18. Nxf3 f6 19. b4 Kb7 20. c5 Rd5 21. Nd4 f5 22. Ra2 g5 23. Nb3 Kc8 24. Bd4 Rh7 25. Be3 Rf7 26. Bd2 Bg7 27. Na5 Kd7 28. Kg2 Re7 29. a4 Re2 30. Nc4 Bc3 31. Bxc3 Rxa2 32. Ne5+ Ke6 33. Nxc6 Rxa4 34. g4 fxg4 35. hxg4 Rd7 36. Ne5 Rh7 37. Ng6 Rf7 38. Ne5 Rf4 39. f3 Ra3 40. Bb2 Ra2 41. Nd3 Rd4 0-1

[Event "Ukhta Spring"]
[Site "Ukhta"]
[Date "2010.04.10"]
[Round "5"]
[White "Zyrianov, Leonid"]
[Black "Patsuk, Elena"]
[Result "1-0"]
[WhiteElo "1922"]
[BlackElo "1977"]
[PlyCount "147"]
[EventDate "2010.04.17"]
[EventType "tourn"]
[EventRounds "11"]
[EventCountry "RUS"]
[SourceTitle "EXT 2013"]
[Source "ChessBase"]
[SourceDate "2012.11.22"]
[SourceVersion "1"]
[SourceVersionDate "2012.11.22"]
[SourceQuality "1"]

1. d4 d5 2. Nf3 Nf6 3. Bg5 Ne4 4. Bh4 c5 5. dxc5 Qa5+ 6. c3 Qxc5 7. Nbd2 Nc6 8. e3 Bf5 9. Nb3 Qd6 10. Nfd4 Nxd4 11. Nxd4 Bd7 12. f3 Qh6 13. Bf2 Nxf2 14. Kxf2 e5 15. Nb5 Bc5 16. Nc7+ Kf8 17. Nxd5 Bc6 18. b4 Bxd5 19. bxc5 Qc6 20. c4 Be6 21. Qd6+ Qxd6 22. cxd6 Rc8 23. Rd1 Ke8 24. a4 Kd7 25. Rb1 b6 26. a5 bxa5 27. Be2 Bxc4 28. Rb7+ Kxd6 29. Rd1+ Ke6 30. Rdd7 Rhf8 31. Bxc4+ Rxc4 32. Rxa7 Rc2+ 33. Kg3 Ra2 34. e4 a4 35. Rdb7 Kf6 36. Rb6+ Kg5 37. h4+ Kh5 38. Kh3 g6 39. Rb5 a3 40. Rxe5+ Kh6 41. Rea5 Ra1 42. Rxa3 Rh1+ 43. Kg3 f5 44. Re7 g5 45. hxg5+ Kxg5 46. Re5 h5 47. Raa5 h4+ 48. Kf2 Rb8 49. Rxf5+ Kg6 50. Ke3 Rb3+ 51. Kf4 h3 52. Ra6+ Kg7 53. gxh3 Rxh3 54. Rg5+ Kf7 55. Rg3 Rh4+ 56. Kg5 Rh8 57. Rf6+ Ke7 58. Rf5 Ke6 59. Kf4 Rh4+ 60. Rg4 Rh3 61. Rg6+ Ke7 62. Kg4 Rh1 63. Rgg5 Rbb1 64. Rb5 Rbg1+ 65. Kf5 Rf1 66. Rb7+ Kf8 67. f4 Rh4 68. Ke6 Rh6+ 69. Ke5 Ra1 70. Rd7 Ke8 71. Rgg7 Kf8 72. Rdf7+ Ke8 73. Ra7 Rh5+ 74. f5 1-0

[Event "Northwest FR-ch (Women)"]
[Site "St Petersburg"]
[Date "2008.03.28"]
[Round "9"]
[White "Monina, Polina"]
[Black "Patsuk, Elena"]
[Result "1-0"]
[WhiteElo "1871"]
[BlackElo "2054"]
[PlyCount "112"]
[EventDate "2008.03.21"]
[EventType "swiss"]
[EventRounds "9"]
[EventCountry "RUS"]
[SourceTitle "EXT 2022"]
[Source "ChessBase"]
[SourceDate "2021.10.06"]
[SourceVersion "1"]
[SourceVersionDate "2021.10.06"]
[SourceQuality "1"]

1. d4 e6 2. c4 b6 3. Nf3 Bb7 4. g3 Nf6 5. Bg2 d5 6. 0-0 Nbd7 7. Ne5 Be7 8. Nc3 0-0 9. cxd5 Nxd5 10. Nxd5 exd5 11. Bf4 Nxe5 12. Bxe5 Bd6 13. Bxd6 Qxd6 14. Qb3 Rfe8 15. e3 Re6 16. Rac1 c6 17. Rfd1 Rf6 18. Qd3 Rd8 19. a3 h6 20. Rd2 Bc8 21. b4 a6 22. Qc3 b5 23. Qc5 Qe6 24. Ra2 g5 25. Qc3 Qf5 26. Qd2 Qg4 27. Qe2 Qd7 28. Rc5 Qd6 29. a4 Bd7 30. axb5 axb5 31. Ra6 Qe7 32. Ra7 Qe6 33. Rc2 Qd6 34. Qd2 Kg7 35. Rca2 h5 36. e4 dxe4 37. Qxg5+ Kf8 38. Ra8 Bc8 39. Qxh5 Rh6 40. Qg5 Rg6 41. Qc5 Qxc5 42. dxc5 Kg7 43. Bxe4 Rh6 44. h4 Rd1+ 45. Kg2 Be6 46. Rb2 Bc4 47. Ra6 Re6 48. f3 Bd5 49. Bxd5 Rxd5 50. Kf2 Rd4 51. Ra1 Kg6 52. Re1 Rf6 53. Re3 Kh5 54. Ke2 Rg6 55. Re5+ Kh6 56. g4 Rxb4 1-0

[Event "Northwest FR-ch (Women)"]
[Site "St Petersburg"]
[Date "2008.03.24"]
[Round "5"]
[White "Patsuk, Elena"]
[Black "Inyakina, Alina"]
[Result "1/2-1/2"]
[WhiteElo "2054"]
[BlackElo "1803"]
[PlyCount "116"]
[EventDate "2008.03.21"]
[EventType "swiss"]
[EventRounds "9"]
[EventCountry "RUS"]
[SourceTitle "EXT 2022"]
[Source "ChessBase"]
[SourceDate "2021.10.06"]
[SourceVersion "1"]
[SourceVersionDate "2021.10.06"]
[SourceQuality "1"]

1. e4 c5 2. Nf3 a6 3. d4 cxd4 4. Nxd4 Nf6 5. Nc3 e5 6. Nb3 Bb4 7. Bg5 Qc7 8. Qd3 Bxc3+ 9. bxc3 Nc6 10. Be2 Ne7 11. Nd2 h6 12. Bxf6 gxf6 13. Nc4 d5 14. exd5 Bf5 15. Qd2 Rd8 16. d6 Qc6 17. 0-0-0 Be6 18. Nb2 Nf5 19. Bf3 e4 20. Bg4 Rxd6 21. Qf4 Rxd1+ 22. Rxd1 Ne7 23. Qxf6 Rg8 24. Bxe6 Qxe6 25. Qxe6 fxe6 26. g3 Rf8 27. Rd2 Nd5 28. Nc4 Ke7 29. Kb2 Rc8 30. Rd4 b5 31. Nd2 Nxc3 32. Nf1 Na4+ 33. Kb1 Rf8 34. Rd2 Nc5 35. Kb2 Rf3 36. Ne3 h5 37. Kc3 Nb7 38. Kd4 Nd6 39. Ke5 Rxe3 40. Rxd6 Ra3 41. Rxe6+ Kf7 42. Rc6 Rxa2 43. Kxe4 b4 44. Kd3 Ra3+ 45. Kc4 Rc3+ 46. Kd5 Ra3 47. Kc5 a5 48. Kb5 Kg7 49. Ra6 b3 50. cxb3 Rxb3+ 51. Kxa5 Rf3 52. Ra7+ Kg6 53. h4 Rxf2 54. Ra6+ Rf6 55. Ra8 Kg7 56. Ra7+ Kg6 57. Ra8 Kg7 58. Ra7+ Kg6 1/2-1/2

[Event "Northwest FR-ch (Women)"]
[Site "St Petersburg"]
[Date "2008.03.22"]
[Round "2"]
[White "Pavlova, Alina"]
[Black "Patsuk, Elena"]
[Result "1-0"]
[WhiteElo "2148"]
[BlackElo "2054"]
[PlyCount "65"]
[EventDate "2008.03.21"]
[EventType "swiss"]
[EventRounds "9"]
[EventCountry "RUS"]
[SourceTitle "EXT 2022"]
[Source "ChessBase"]
[SourceDate "2021.10.06"]
[SourceVersion "1"]
[SourceVersionDate "2021.10.06"]
[SourceQuality "1"]

1. d4 Nf6 2. c4 c5 3. d5 b5 4. cxb5 a6 5. Nc3 axb5 6. e4 b4 7. Nb5 d6 8. Bf4 Nbd7 9. Nf3 Ng4 10. h3 Nge5 11. Bxe5 dxe5 12. Bc4 Ba6 13. 0-0 Qb6 14. a4 h6 15. d6 Bxb5 16. axb5 Rxa1 17. Qxa1 exd6 18. Qa8+ Qd8 19. Qd5 Qf6 20. Ra1 Be7 21. Ra8+ Bd8 22. Rxd8+ Kxd8 23. Qa8+ Ke7 24. Qxh8 Qf4 25. Bd5 Qc1+ 26. Kh2 Qf4+ 27. Kh1 Qc1+ 28. Ng1 Qxb2 29. f3 Nf6 30. Qa8 Nh5 31. Qb7+ Kf6 32. Qxf7+ Kg5 33. Qf5+ 1-0